00497nas a22001577a 4500008004100000245002700041260007600068300000900144546001400153590003300167590004000200650002100240856005100261942001200312999001500324130503t20109999ag ||||| |||| 00| 0 spa d aBaliarda en Neurologia aBuenos Aires,bSociedad Iberoamericana de Informacion Cientifica:c2010 av. : aespañol aIndizada en: SIIC Data Bases aExistencias: 2010 1(1-3); 2011 1(4) aNEUROLOGIA91941 uhttp://www.siicsalud.com/lmr/siicdatabases.php 2ddccCR c1368d1368